| 000 | 01704nam a2200253Ia 4500 | ||
|---|---|---|---|
| 008 | 260220t1976||||xx |||||||||||||| ||spa|| | ||
| 020 | _a8401360137 | ||
| 040 |
_aPY-SlUNAC _bspa _erda |
||
| 041 | _aspa | ||
| 082 |
_a808.4 _bF789t |
||
| 100 |
_aFowles, John _eAutor |
||
| 245 | 0 |
_aLa torre de Ébano / _cpor John Fowles [Autor] |
|
| 264 |
_aBarcelona : _bPlaza y Janés Editores, _c℗1976. |
||
| 300 | _a1 volumen | ||
| 520 | _a"La torre de Ébano" de John Fowles es una novela que explora las complejidades de la identidad, el amor y la búsqueda del conocimiento en un contexto de colonialismo y opresión. La historia se centra en el personaje de un joven británico, quien se encuentra en una isla griega donde se entrelazan realidades y mitos. A través de un narrador omnisciente, Fowles reflexiona sobre la vida contemporánea, la interacción entre el individuo y la sociedad, y el impacto de la historia en las decisiones personales. La novela está impregnada de simbolismo, utilizando la figura de la torre como un metafórico refugio y prisión para los personajes. Con un estilo narrativo que combina lo filosófico con lo poético, Fowles ofrece una crítica a las estructuras de poder y a la búsqueda de la verdad, invitando al lector a cuestionar sus propias creencias y percepciones. Este trabajo se destaca por su profundidad temática y su rica prosa, consolidando a Fowles como un autor fundamental en la literatura contemporánea. | ||
| 653 | _aFicción | ||
| 653 | _aLiteratura | ||
| 653 | _aNovela | ||
| 942 |
_b2026/02/17 _cBK |
||
| 999 |
_c8910 _d8910 |
||